Irish house words - Statistics

General Stats
  • This quiz has been taken 27 times
  • The average score is 9 of 26
Answer Stats
Hint Answer % Correct
room seomra
71%
sitting room seomra suí
71%
table bord
57%
fridge cuisneoir
57%
fridge Cuisneoir
57%
window fuinneog
57%
lamp lampa
57%
bed leaba
57%
toilet leithreas
57%
house teach
57%
couch tolg
57%
chair cathaoir
43%
fireplace tinteán
43%
cupboard cófra
29%
bedroom seomra leapa
29%
sink doirteal
14%
bath folcadán
14%
bathroom seomra fulchta
14%
staircase staighre
14%
furniture troscán
14%
floor urlár
14%
attic áilear
0%
Shower cithfholcadán
0%
cooker cócaireán
0%
basement íoslach
0%
dining rom seomra bia
0%
No matching quizzes found
Score Distribution
Percent of People with Each Score
Percentile by Number Answered
Your Score History
You have not taken this quiz